| 000 | 00689cam a2200205 4500 | ||
|---|---|---|---|
| 001 | BIIH003759 | ||
| 008 | s1994 mx a spa | ||
| 020 | _a9684962770 | ||
| 035 | _aBIIH003759 | ||
| 100 | 1 | _aMartínez, Hildeberto | |
| 245 | 1 | 0 |
_aCodiciaban la tierra : _bEl despojo agrario en los señorios de Tecamachalco y Quecholac (Puebla, 1520-1650) / _cHildeberto Martinez. |
| 260 |
_aMéxico : _bCIESAS, _c1994 |
||
| 300 |
_a305 p. ; _c28 cm. |
||
| 500 | _a3 ejemplares | ||
| 650 | 4 |
_aTierras _xTencia _xpuebla _xSiglos XIV-XVII |
|
| 650 | 4 |
_aPopolocas (de Puebla) _xHistoria |
|
| 650 | 4 |
_aIndios de México _xPuebla _xHistoria |
|
| 942 |
_2lcc _cLIB |
||
| 999 |
_c66291 _d66291 |
||